Guía del método onomatopéyico : (Record no. 26876)

MARC details
000 -CABECERA
campo de control de longitud fija 00649nam a2200181 a 4500
005 - FECHA Y HORA DE LA ÚLTIMA TRANSACCIÓN
campo de control 20240913064026.0
008 - ELEMENTOS DE LONGITUD FIJA--INFORMACIÓN GENERAL
campo de control de longitud fija 991125s1956 mx 000 0 spa u
035 ## - NÚMERO DE CONTROL DEL SISTEMA
Número de control de sistema UPN01000026876
049 ## - COLECCIÓN
Colección LT
050 #4 - SIGNATURA TOPOGRÁFICA DE LA BIBLIOTECA DEL CONGRESO
Número de clasificación LB1029 O5
Número de documento/Ítem T6.3 1956
100 1# - ASIENTO PRINCIPAL--NOMBRE PERSONAL
Nombre de persona Torres Quintero, Gregorio,
Fechas asociadas al nombre 1866-1934
245 10 - MENCIÓN DE TÍTULO
Título Guía del método onomatopéyico :
Resto del título para enseñar a leer y escribir simultáneamente : para uso de los profesores de grupo
-- para uso de los profesores de grupo /
Mención de responsabilidad, etc. Gregorio Torres Quintero
260 ## - PUBLICACIÓN, DISTRIBUCIÓN, ETC.
Lugar de publicación, distribución, etc. México :
Nombre del editor, distribuidor, etc. Patria,
Fecha de publicación, distribución, etc. 1956
300 ## - DESCRIPCIÓN FÍSICA
Extensión [70] h. :
Otras características físicas il.
650 #4 - ASIENTO SECUNDARIO DE MATERIA - TERMINO TEMATICO
Término de materia o nombre geográfico como elemento de entrada Método onomatopéyico
9 (RLIN) 17670
904 ## - ELEMENTOS DE DATOS D LOCAL, LDD (RLIN)
a AC
b 026877
905 ## - TIPO DE MATERIAL
Tipo de material Libro
Holdings
Estado de retiro Estado de pérdida Fuente del sistema de clasificación o colocación Estado dañado No para préstamo Código de colección Localización permanente Ubicación/localización actual Ubicación en estantería Fecha de adquisición Enumeración/cronología de publicación seriada Clasificación Código de barras Fecha visto por última vez Número de copia Tipo de ítem Koha
    Library of Congress Classification   Disponible (Préstamo en sala) Libros de texto Bib. Gregorio Torres Quintero Bib. Gregorio Torres Quintero Colecciones especiales Planta alta 25/05/2023 - LB1029 O5 T6.3 1956 92900 31/12/2020 1 Libro